Prvé pracovné stretnutie českých a slovenských fonetikov

Podrobná bibliografia
Hlavný autor: Sabol, Ján, 1939- (Autor)
Médium: Článok
Jazyk:slovenčina
Predmet:

MARC

LEADER 00000nab a2200000 a 4500
001 vtls000138091
003 SK-MaSNL
005 20260304210042.0
008 250422c1982 xo 0 slo
015 |a SNBRB19rr/mm-uuuuu 
035 |a CL0148197 
035 |a (urnnbn)urn:nbn:sk:snk:ar-00690e 
035 |a (uuid)6bd94678-c408-40cc-93f6-5374749e23bd 
035 |a urn:nbn:sk:snk-ab84ie 
040 |a SNKBUCL  |b slo  |c SNKBUCL  |e AACR2 
041 0 |a slo 
044 |a xo  |c SK 
080 |a 801.4  |2 1981 
080 |a 808.54  |2 1981 
080 |a 808.50  |2 1981 
080 |a 061.3  |2 1981 
100 1 |a Sabol, Ján,  |d 1939-  |4 aut  |9 209463 
245 1 0 |a Prvé pracovné stretnutie českých a slovenských fonetikov  |c Ján Sabol 
650 0 7 |a fonetika  |2 snkbucl  |9 863 
650 0 7 |a čeština  |2 snkbucl  |9 1319 
650 0 7 |a slovenčina  |2 snkbucl  |9 1350 
655 7 |a články z novín a časopisov  |2 snkbucl  |9 267496 
773 0 |t Jazykovedný časopis  |g Roč. 33, č. 2 (1982), s. 202-203 
850 |a Slovenská národná knižnica 
852 |a Slovenská národná knižnica 
954 |a odborná, vedecká literatúra pôvodná (slovenská)  |2 lita 
957 |a 5407 
958 |a article9 
958 |a OND 
958 |a RK 
958 |a CZ 
958 |a EUIPO 
992 |a RBX 
999 |c 3124261  |d 3126191